书目信息 |
| 题名: |
恐龙图鉴
|
|
| 作者: | 赵文斌 主编 | |
| 分册: | ||
| 出版信息: | 南京 江苏凤凰科学技术出版社 2017 |
|
| 页数: | 192页 | |
| 开本: | 21cm | |
| 丛书名: | 图鉴珍藏丛书 | |
| 单 册: | ||
| 中图分类: | Q915.864-64 | |
| 科图分类: | ||
| 主题词: | 恐龙--kong long--图集 | |
| 电子资源: | ||
| ISBN: | 978-7-5537-5609-7 | |
| 000 | 01022nam0 22002651 450 | |
| 001 | 1738648885 | |
| 005 | 20170628091815.0 | |
| 010 | @a978-7-5537-5609-7@dCNY32.80 | |
| 100 | @a20170424d2017 em y0chiy50 ea | |
| 101 | 0 | @achi |
| 102 | @aCN@b320000 | |
| 105 | @aa z 001yy | |
| 106 | @ar | |
| 200 | 1 | @a恐龙图鉴@9kong long tu jian@f赵文斌主编 |
| 210 | @a南京@c江苏凤凰科学技术出版社@d2017 | |
| 215 | @a192页@d21cm | |
| 225 | 2 | @a图鉴珍藏丛书@9tu jian zhen cang cong shu |
| 300 | @a凤凰含章 含章·图鉴系列 | |
| 330 | @a本书精心筛选出2目7亚目154种恐龙,书中所选的恐龙均是目前已被命名的恐龙,每种恐龙的标题统一使用中文学名,并配有经过翻译的拉丁文意,方便读者认识、查找。同时,本书还详细介绍了每种恐龙的生存时代、身体部位特征、恐龙命名者、化石分布、恐龙体长、体重、食性等方面的内容。 | |
| 461 | 0 | @12001 @a图鉴珍藏丛书 |
| 606 | 0 | @a恐龙@9kong long@j图集 |
| 690 | @aQ915.864-64@v5 | |
| 701 | 0 | @a赵文斌@9zhao wen bin@c(动物学)@4主编 |
| 801 | 0 | @aCN@bTANGWEI@c20170627 |
| 905 | @b1016961-6@dQ915.864-64@e26@f6 | |
| 恐龙图鉴/赵文斌主编.-南京:江苏凤凰科学技术出版社,2017 |
| 192页;21cm.-(图鉴珍藏丛书) |
| 凤凰含章 含章·图鉴系列 |
| ISBN 978-7-5537-5609-7:CNY32.80 |
| 本书精心筛选出2目7亚目154种恐龙,书中所选的恐龙均是目前已被命名的恐龙,每种恐龙的标题统一使用中文学名,并配有经过翻译的拉丁文意,方便读者认识、查找。同时,本书还详细介绍了每种恐龙的生存时代、身体部位特征、恐龙命名者、化石分布、恐龙体长、体重、食性等方面的内容。 |
| ● |
| 相关链接 |
|
|
|
|
正题名:恐龙图鉴
索取号:Q915.864-64/26
 
预约/预借
| 序号 | 登录号 | 条形码 | 馆藏地/架位号 | 状态 | 备注 |
| 1 | 1016961 | 210169618 | 第二样本阅览室/ [索取号:Q915.864-64/26] | 在馆 | |
| 2 | 1016962 | 210169627 | 教育系资料室/ [索取号:Q915.864-64/26] | 在馆 | |
| 3 | 1016963 | 210169636 | 教育系资料室/ [索取号:Q915.864-64/26] | 在馆 | |
| 4 | 1016964 | 210169645 | 教育系资料室/ [索取号:Q915.864-64/26] | 在馆 | |
| 5 | 1016965 | 210169654 | 第三借阅区/ [索取号:Q915.864-64/26] | 在馆 | |
| 6 | 1016966 | 210169663 | 第三借阅区/ [索取号:Q915.864-64/26] | 在馆 |